<?xml version="1.0" encoding="UTF-8"?>
<record
    xmlns:xsi="http://www.w3.org/2001/XMLSchema-instance"
    xsi:schemaLocation="http://www.loc.gov/MARC21/slim http://www.loc.gov/standards/marcxml/schema/MARC21slim.xsd"
    xmlns="http://www.loc.gov/MARC21/slim">

  <leader>00492nam a22001457a 4500</leader>
  <datafield tag="999" ind1=" " ind2=" ">
    <subfield code="c">134242</subfield>
    <subfield code="d">134242</subfield>
  </datafield>
  <controlfield tag="005">20240531102859.0</controlfield>
  <controlfield tag="008">240531b           ||||| |||| 00| 0 eng d</controlfield>
  <datafield tag="040" ind1=" " ind2=" ">
    <subfield code="c">PK-LaUMT</subfield>
  </datafield>
  <datafield tag="082" ind1=" " ind2=" ">
    <subfield code="a">APC 297.4</subfield>
    <subfield code="b">RIA-M</subfield>
  </datafield>
  <datafield tag="100" ind1=" " ind2=" ">
    <subfield code="a">Riaz Ahmad Gohar Shahi =&#x631;&#x6CC;&#x627;&#x636; &#x627;&#x62D;&#x645;&#x62F; &#x6AF;&#x648;&#x6C1;&#x631; &#x634;&#x627;&#x6C1;&#x6CC;</subfield>
  </datafield>
  <datafield tag="245" ind1=" " ind2=" ">
    <subfield code="a">Menarah noor = &#x645;&#x6CC;&#x646;&#x627;&#x631;&#x6C1; &#x646;&#x648;&#x631; /</subfield>
    <subfield code="c">by Riaz Ahmad Gohar Shahi =&#x631;&#x6CC;&#x627;&#x636; &#x627;&#x62D;&#x645;&#x62F; &#x6AF;&#x648;&#x6C1;&#x631; &#x634;&#x627;&#x6C1;&#x6CC;</subfield>
  </datafield>
  <datafield tag="260" ind1=" " ind2=" ">
    <subfield code="a">NA :</subfield>
    <subfield code="b">Sirfroosh Publications Pakistan,</subfield>
    <subfield code="c">2004</subfield>
  </datafield>
  <datafield tag="300" ind1=" " ind2=" ">
    <subfield code="a">64 p.</subfield>
  </datafield>
  <datafield tag="942" ind1=" " ind2=" ">
    <subfield code="c">BK</subfield>
  </datafield>
  <datafield tag="952" ind1=" " ind2=" ">
    <subfield code="0">0</subfield>
    <subfield code="1">0</subfield>
    <subfield code="4">0</subfield>
    <subfield code="7">0</subfield>
    <subfield code="a">01</subfield>
    <subfield code="b">01</subfield>
    <subfield code="d">2024-05-31</subfield>
    <subfield code="l">0</subfield>
    <subfield code="o">APC 297.4 RIA-M</subfield>
    <subfield code="p">146713</subfield>
    <subfield code="r">2024-05-31 00:00:00</subfield>
    <subfield code="w">2024-05-31</subfield>
    <subfield code="y">BK</subfield>
  </datafield>
</record>
